|
|
|
|
| LEADER |
00000cas a2200000 a 4500 |
| 001 |
vtls001335064 |
| 003 |
SK-MaSNL |
| 005 |
20260425193950.0 |
| 008 |
980623d19361940xr x 0 0 2cze c |
| 035 |
|
|
|a SNK000288029
|
| 040 |
|
|
|a SNK
|b slo
|c SNK
|e AACR2
|
| 041 |
1 |
|
|a cze
|
| 043 |
|
|
|a e-xo---
|
| 072 |
|
|
|a 551
|x Geológia. Meteorológia. Klimatológia
|2 konspekt
|
| 080 |
|
|
|a 551.1/.4
|2 2011
|
| 245 |
1 |
|
|a Carpatica I ...
|n B (řada přírodovědná)
|
| 260 |
|
|
|a Praha
|b Orbis
|c 1936, 1940
|
| 300 |
|
|
|a 2 zv.
|c 24 cm
|
| 310 |
|
|
|a neurčitá
|
| 362 |
0 |
|
|a Zv. 1 (1936) a zv. 2 (1940)
|
| 550 |
|
|
|a Nákladom Sboru pre výskum Slovenska a Podkarpatskej Rusi pri Slovanskom ústave v Prahe
|
| 650 |
0 |
7 |
|a geológia
|2 SNKPH
|9 167377
|
| 651 |
|
7 |
|a Karpaty (pohorie)
|2 SNK
|9 157023
|
| 651 |
|
7 |
|a Slovensko
|2 SNK
|9 14231
|
| 655 |
|
7 |
|a zborníky
|2 SNKPH
|9 70165
|
| 655 |
|
7 |
|a vedecké štúdie
|2 SNKPH
|9 265097
|
| 655 |
|
7 |
|a Scientific studies
|2 SNKPHeng
|9 265098
|
| 700 |
1 |
|
|a Chotek, Karel,
|d 1881-1967
|4 edt
|9 153209
|
| 910 |
|
|
|a snk
|
| 910 |
|
|
|a snmk
|
| 999 |
|
|
|c 88
|d 88
|
| 952 |
|
|
|a SNK
|b SNK
|y PREZ
|7 0
|p 17A0143715
|o snkČSC 400/1/1936 D1
|i snkK 4692/71
|8 3
|3 rekatalogizácia
|0 0
|1 0
|4 0
|d 2008-01-16
|l 0
|r 2026-02-21 20:07:23
|w 2026-02-21
|
| 952 |
|
|
|a SNK
|b SNK
|y PREZ
|7 0
|p 17A0572084
|o snkČSC 400/2/1940 D1
|i snkK 2129/75
|8 3
|0 0
|1 0
|4 0
|d 2008-01-15
|l 0
|r 2026-02-21 20:21:40
|w 2026-02-21
|
| 952 |
|
|
|a SNK
|b SNK
|y PREZ
|7 0
|p 17A0163544
|o snkČSC 400/2/1940
|i snk 1431/43
|0 0
|1 0
|4 0
|d 2016-06-20
|l 0
|r 2026-02-21 21:47:14
|w 2026-02-21
|
| 952 |
|
|
|a SNK
|b SNK
|y PREZ
|7 0
|p 17A0738352
|o snkČSC 400/1/1936
|i snkK 304/75
|8 3
|0 0
|1 0
|4 0
|d 2016-01-22
|l 0
|r 2026-02-21 21:53:54
|w 2026-02-21
|